Paroles - Ailleurs (Orelsan) - Statistiques

Statistiques générales
  • Ce quiz a été pris 186 fois
    43 depuis la dernière actualisation
  • Le résultat moyen est 214 sur 321
Statistiques - réponses
Paroles % Correct
à
96%
de
96%
J'suis
96%
j'suis
96%
loin,
96%
loin
96%
ai
92%
ailleurs
92%
Ailleurs
92%
vous
92%
cherchez,
83%
me
83%
Si
83%
J'ai
79%
j'ai
79%
Oublie-moi
79%
et
71%
Et
71%
fait
67%
fait,
67%
Juste
67%
juste
67%
le
67%
ma
67%
quand
67%
Quand
67%
un
67%
ça
63%
élever
63%
En
63%
la
63%
Plus
63%
plus
63%
une
63%
enfant
58%
les
58%
m'appelez
58%
mon
58%
Mon
58%
rien
58%
été
54%
faire
54%
famille
54%
faut
54%
Faut
54%
Maintenant
54%
personne
54%
que
54%
des
50%
Dès
50%
du
50%
j'vais
50%
on
50%
parti
50%
s'en
50%
sur
50%
téléphone
50%
"tututututut"
50%
Adieu
46%
aller
46%
c'que
46%
dans
46%
devenir
46%
fois
46%
Goodbye
46%
goodbye
46%
jamais
46%
j'me
46%
passé
46%
perdre
46%
place
46%
problèmes
46%
temps
46%
toujours
46%
vos
46%
aimer
42%
casse
42%
dire
42%
j'aurai
42%
J'peux
42%
peur
42%
potes
42%
sans
42%
seul
42%
surplace
42%
tracé
42%
base
38%
demandé
38%
d'voir
38%
est
38%
éteint
38%
j'serai
38%
l'impression
38%
pays
38%
prévenir,
38%
qui
38%
va
38%
vie,
38%
cœur
33%
déjà
33%
dépressives
33%
gossips,
33%
j'avais
33%
lâchés
33%
l'avenir
33%
l'espace
33%
mais
33%
merci
33%
news
33%
d'autre,
29%
entends
29%
j'imaginais
29%
j'les
29%
peut
29%
qu'ils
29%
ressembler
29%
toxiques
29%
vieux
29%
drames,
25%
faute
25%
leur
25%
limité
25%
moins
25%
n'a
25%
passer
25%
quelqu'un
25%
qu'j'libère
25%
rejeter
25%
toute
25%
trouveront
25%
vrai,
25%
attendus
21%
changé
21%
c'qu'ils
21%
devenaient
21%
j'dois
21%
j'voulais
21%
j'voyais
21%
subir
21%
Aucun quiz correspondant
Distribution des résultats
% des personnes avec chaque résultat
Percentile par nombre de réponses
Votre historique - résultats
Vous n’avez pas pris ce quiz depuis la dernière actualisation